| 000 | 00434nam a22001457a 4500 | ||
|---|---|---|---|
| 003 | SGT | ||
| 082 |
_a616.07 _bS21M |
||
| 100 | _aMITTAL, VANI | ||
| 245 | _aSTUDY OF APOPTOTIC MARKER (Bcl-2), PROLIFERATIVE INDEX (Ki-67) AND TUMOUR SUPPRESSOR GENE (p53) IN NORMAL CYCLIC, HYPERPLASTIC AND MALIGNANT ENDOMETRIUM | ||
| 260 |
_aGURUGRAM _bSGT UNIVERSITY _c2021 |
||
| 300 | _a88 | ||
| 650 | _aPATHOLOGY | ||
| 653 | _aM.D | ||
| 942 |
_2ddc _cTH |
||
| 999 |
_c26564 _d26564 |
||